Ship or sheep : An intermediate pronunciation course
This book provides systematic practice of English pronunciation, stress and intonation through a wide variety of interesting exercises and activities.
Na minha lista:
| Autor principal: | |
|---|---|
| Formato: | Livro |
| Idioma: | Vietnamese |
| Publicado em: |
New York
Cambridge University Press
2006
|
| Edição: | 3rd ed. |
| Assuntos: | |
| Tags: |
Adicionar Tag
Sem tags, seja o primeiro a adicionar uma tag!
|
| Thư viện lưu trữ: | Thư viện Trường Đại học Nam Cần Thơ |
|---|
| LEADER | 00893nam a22002057a 4500 | ||
|---|---|---|---|
| 001 | NCT_95729 | ||
| 008 | 220114b xxu||||| |||| 00| 0 vie d | ||
| 999 | |c 4756 |d 4756 | ||
| 020 | |a 9780521606714 |c 569000 | ||
| 082 | 0 | 4 | |2 23rd ed. |a 421.55 |b B167 |
| 100 | 1 | |a Baker, Ann | |
| 245 | 1 | 0 | |a Ship or sheep : |b An intermediate pronunciation course |c Ann Baker |
| 250 | |a 3rd ed. | ||
| 260 | |a New York |b Cambridge University Press |c 2006 | ||
| 300 | |a xii, 225 p. |b ill. |c 24cm | ||
| 520 | 3 | |a This book provides systematic practice of English pronunciation, stress and intonation through a wide variety of interesting exercises and activities. | |
| 653 | |a Ngôn ngữ Anh | ||
| 942 | |2 ddc |c BK | ||
| 952 | |0 0 |1 0 |2 ddc |4 0 |6 421_550000000000000_B167 |7 0 |9 22134 |a 000001 |b 000001 |d 2022-01-14 |o 421.55 B167 |p MD.19197 |r 2022-01-14 |v 569000.00 |w 2022-01-14 |y BK | ||
| 980 | |a Thư viện Trường Đại học Nam Cần Thơ | ||


